<?xml version="1.0" encoding="UTF-8"?><?xml-stylesheet type="text/xsl" href="static/style.xsl"?><OAI-PMH xmlns="http://www.openarchives.org/OAI/2.0/" xmlns:xsi="http://www.w3.org/2001/XMLSchema-instance" xsi:schemaLocation="http://www.openarchives.org/OAI/2.0/ http://www.openarchives.org/OAI/2.0/OAI-PMH.xsd"><responseDate>2026-04-17T13:08:35Z</responseDate><request verb="GetRecord" identifier="oai:www.recercat.cat:2117/446215" metadataPrefix="marc">https://recercat.cat/oai/request</request><GetRecord><record><header><identifier>oai:recercat.cat:2117/446215</identifier><datestamp>2025-11-13T08:47:09Z</datestamp><setSpec>com_2072_1033</setSpec><setSpec>col_2072_452951</setSpec></header><metadata><record xmlns="http://www.loc.gov/MARC21/slim" xmlns:dcterms="http://purl.org/dc/terms/" xmlns:xsi="http://www.w3.org/2001/XMLSchema-instance" xmlns:doc="http://www.lyncode.com/xoai" xsi:schemaLocation="http://www.loc.gov/MARC21/slim http://www.loc.gov/standards/marcxml/schema/MARC21slim.xsd">
   <leader>00925njm 22002777a 4500</leader>
   <datafield ind2=" " ind1=" " tag="042">
      <subfield code="a">dc</subfield>
   </datafield>
   <datafield ind2=" " ind1=" " tag="720">
      <subfield code="a">Torres Company, Aida</subfield>
      <subfield code="e">author</subfield>
   </datafield>
   <datafield ind2=" " ind1=" " tag="260">
      <subfield code="c">2025-06-26</subfield>
   </datafield>
   <datafield ind2=" " ind1=" " tag="520">
      <subfield code="a">En un entorn empresarial cada cop més dependent de les dades, l'elecció i migració de plataformes de Business Intelligence (BI) representa un repte estratègic fonamental. Aquest treball aborda aquest desafiament mitjançant un estudi que combina l'anàlisi teòric amb l'aplicació pràctica. Primer, es presenta una anàlisi comparativa de les eines líders del mercat (Power BI, Qlik i Tableau), avaluant les seves diferències arquitectòniques i funcionals. Seguidament, s'exposa un cas d'estudi real de la migració d'una solució de Qlik a Power BI per a una empresa del sector farmacèutic, documentant tot el procés: des de la planificació i la reenginyeria de l'arquitectura de dades, fins al desenvolupament i la demostració del resultat final. El resultat és una guia integral que detalla tant els factors estratègics com els reptes tècnics d'una transició d'aquesta naturalesa.</subfield>
   </datafield>
   <datafield ind2=" " ind1=" " tag="520">
      <subfield code="a">In an increasingly data-dependent business environment, the selection and migration of Business Intelligence (BI) platforms represents a fundamental strategic challenge. This thesis addresses this challenge through a study that combines theoretical analysis with practical application. First, a comparative analysis of the market-leading tools (Power BI, Qlik, and Tableau) is presented, evaluating their architectural and functional differences. Subsequently, a real-world case study of a migration from a Qlik solution to Power BI for a pharmaceutical company is presented, documenting the entire process: from the planning and re-engineering of the data architecture with Azure Databricks, to the development and demonstration of the final result. The result is a comprehensive guide that details both the strategic factors and the technical challenges of such a transition.</subfield>
   </datafield>
   <datafield ind2=" " ind1=" " tag="520">
      <subfield code="a">En un entorno empresarial cada vez más dependiente de los datos, la elección y migración de plataformas de Business Intelligence (BI) representa un reto estratégico fundamental. Este trabajo aborda este desafío mediante un estudio que combina el análisis teórico con la aplicación práctica. Primero, se presenta un análisis comparativo de las herramientas líderes del mercado (Power BI, Qlik y Tableau), evaluando sus diferencias arquitectónicas y funcionales. Seguidamente, se expone un caso de estudio real de la migración de una solución de Qlik a Power BI para una empresa del sector farmacéutico, documentando todo el proceso: desde la planificación y la reingeniería de la arquitectura de datos con Azure Databricks, hasta el desarrollo y la demostración del resultado final. El resultado es una guía integral que detalla tanto los factores estratégicos como los retos técnicos de una transición de esta naturaleza.</subfield>
   </datafield>
   <datafield ind1="8" ind2=" " tag="024">
      <subfield code="a">http://hdl.handle.net/2117/446215</subfield>
   </datafield>
   <datafield tag="653" ind2=" " ind1=" ">
      <subfield code="a">Àrees temàtiques de la UPC::Informàtica::Sistemes d'informació</subfield>
   </datafield>
   <datafield tag="653" ind2=" " ind1=" ">
      <subfield code="a">Business intelligence</subfield>
   </datafield>
   <datafield tag="653" ind2=" " ind1=" ">
      <subfield code="a">Information storage and retrieval systems</subfield>
   </datafield>
   <datafield tag="653" ind2=" " ind1=" ">
      <subfield code="a">Business Intelligence (BI)</subfield>
   </datafield>
   <datafield tag="653" ind2=" " ind1=" ">
      <subfield code="a">Power BI</subfield>
   </datafield>
   <datafield tag="653" ind2=" " ind1=" ">
      <subfield code="a">Qlik</subfield>
   </datafield>
   <datafield tag="653" ind2=" " ind1=" ">
      <subfield code="a">Migració de dades</subfield>
   </datafield>
   <datafield tag="653" ind2=" " ind1=" ">
      <subfield code="a">Arquitectura de dades</subfield>
   </datafield>
   <datafield tag="653" ind2=" " ind1=" ">
      <subfield code="a">Azure databricks</subfield>
   </datafield>
   <datafield tag="653" ind2=" " ind1=" ">
      <subfield code="a">DAX</subfield>
   </datafield>
   <datafield tag="653" ind2=" " ind1=" ">
      <subfield code="a">Grups de càlcul</subfield>
   </datafield>
   <datafield tag="653" ind2=" " ind1=" ">
      <subfield code="a">Seguretat a Nivell de Fila (RLS)</subfield>
   </datafield>
   <datafield tag="653" ind2=" " ind1=" ">
      <subfield code="a">Espionatge industrial</subfield>
   </datafield>
   <datafield tag="653" ind2=" " ind1=" ">
      <subfield code="a">Informació--Sistemes d'emmagatzematge i recuperació</subfield>
   </datafield>
   <datafield ind2="0" ind1="0" tag="245">
      <subfield code="a">Anàlisi del mercat tecnològic en eines de visualització i la seva aplicació en la migració de dades</subfield>
   </datafield>
</record></metadata></record></GetRecord></OAI-PMH>